Control theory /

Bibliographic Details
Main Author: Greensite, Arthur L.
Format: Book
Language:English
Published: New York : Spartan Books, [1970-]
Subjects:

MARC

Tag First Indicator Second Indicator Subfields
LEADER 00000cam a2200000 4500
001 in00000095757
005 20150925085632.0
008 700626m19709999nyua b 00110 eng
010 |a  68023969  
020 |a 0876715536  |c 29.95 (v. 1) 
035 |a (OCoLC)00081333 
035 |9 AAL1975AM 
040 |a DLC  |c DLC  |d TXA  |d UtOrBLW 
049 |a TXAM  |v 1 [853941]  |v 2 [853942] 
050 0 0 |a TL3280  |b .G74 
082 0 |a 629.47 
100 1 |a Greensite, Arthur L. 
245 1 0 |a Control theory /  |c [by] Arthur L. Greensite. 
264 1 |a New York :  |b Spartan Books,  |c [1970-] 
300 |a volumes :  |b illustrations ;  |c 25 cm. 
336 |a text  |b txt  |2 rdacontent 
337 |a unmediated  |b n  |2 rdamedia 
338 |a volume  |b nc  |2 rdacarrier 
504 |a Includes bibliographies. 
505 1 |a v. 1. Elements of modern control theory.--v.2. Analysis and design of space vehicle flight control systems. 
650 0 |a Space vehicles  |x Control systems. 
650 0 |a Control theory. 
999 |a MARS 
999 f f |s d42c31f7-bc1b-3d72-ad2f-c77c0bd90965  |i 0278146b-d711-3768-8a2b-4b547a256005  |t 0 
952 f f |p ric  |a Texas A&M University  |b Rellis Campus  |c Joint Library Facility  |d Remote Storage  |t 0  |e TL3280 .G74  |h Library of Congress classification  |i unmediated -- volume  |k v.1  |m A14805559938 
952 f f |p ric  |a Texas A&M University  |b Rellis Campus  |c Joint Library Facility  |d Remote Storage  |t 0  |e TL3280 .G74  |h Library of Congress classification  |i unmediated -- volume  |k v.2  |m A14805559946 
998 f f |a TL3280 .G74  |s v.1-v.2  |t 0  |l Remote Storage